Obálka Náhled e-knihy:
PDF Epub
Pro půjčování e-knih musíte být přihlášeni.
Jak si půjčit online?

Zlomená země. Svazek první, Páté roční období /

Páté roční období, první díl oceněné dystopicko-fantastické trilogie Zlomená země, uvádí na scénu zoufale zdecimovanou zemi a hrdinku, která umí pomoci, ale má úplně jiné starosti...

Uloženo v:
Série:Zlomená země, část 1
Hlavní autor: Jemisin, N. K., 1972- (Autor)
Další autoři: Tilcer, Roman, 1987- (Autor)
Médium: E-kniha
Jazyk:Czech
Vydáno: Brno : Host, 2018
Vydání:První vydání
Témata:
Příbuzné jednotky:Z cyklu:: Zlomená země
Tagy:
Žádné tagy
LEADER 02636nam a2200445 i 4500
001 310933
003 CZ PrSKC
005 20260601215657.0
007 ta
008 180917s2018 xr g 000 f cze
015 |a cnb003028276 
020 |a 9788075775603  |q (vázáno) 
035 |a (OCoLC)1078647360 
040 |a BOA001  |b cze  |e rda 
041 1 |a cze  |h eng 
072 7 |a 821.111(73)-3  |x Americká próza  |2 Konspekt 
080 |a 821.111(73)-31  |2 MRF 
080 |a (0:82-312.9)  |2 MRF 
100 1 |a Jemisin, N. K.,  |d 1972-  |7 xx0169839  |4 aut 
240 1 0 |a Fifth season.  |l Česky 
245 1 0 |a Zlomená země.  |n Svazek první,  |p Páté roční období /  |c N.K. Jemisinová ; z anglického originálu The fifth season ... přeložil Roman Tilcer 
246 3 0 |a Páté roční období 
250 |a První vydání 
264 1 |a Brno :  |b Host,  |c 2018 
300 |a 430 stran ;  |c 21 cm 
336 |a text  |b txt  |2 rdacontent 
337 |a bez média  |b n  |2 rdamedia 
338 |a svazek  |b nc  |2 rdacarrier 
520 2 |a Páté roční období, první díl oceněné dystopicko-fantastické trilogie Zlomená země, uvádí na scénu zoufale zdecimovanou zemi a hrdinku, která umí pomoci, ale má úplně jiné starosti...  |b Páté roční období je laskavý název pro globální katastrofu. Lidstvo jich má za sebou nepočítaně - nacházíme se nejméně deset tisíc let v budoucnosti a paměť historie je ve světě neustále zmítaném zemětřeseními a výbuchy sopek krátká. Jsou tu lidé, kteří dokážou katastrofám zabránit či je alespoň zmírnit - orogenní lidé, hanlivě rogři. Jejich zvláštní schopnost umožňuje zachraňovat životy, a přece se setkávají se strachem a nenávistí. Příběh začíná Essun, matkou, která právě přišla o syna a dceru. A je konec světa. Hádejte, co z toho jí připadá důležitější. 
655 7 |a americké romány  |7 fd131796  |2 czenas 
655 7 |a fantasy romány  |7 fd184199  |2 czenas 
655 9 |a American fiction  |2 eczenas 
655 9 |a fantasy novels  |2 eczenas 
700 1 |a Tilcer, Roman,  |d 1987-  |7 xx0095591  |4 trl 
787 0 8 |i Z cyklu:  |t Zlomená země  |g 1 
900 |a ABA001  |b 21 
044 |a xr 
910 |a RBIT002 
998 |d 179199  |a https://core.palmknihy.cz/api/books/179199/cover?pebfjt  |b https://core.palmknihy.cz/api/books/179199/cover/400?pebfjt  |c https://core.palmknihy.cz/api/books/179199/cover/50?pebfjt  |e 2027-02-27  |g 432  |i 9788075775603  |j https://core.palmknihy.cz/api/books/179199/preview.epub  |k https://core.palmknihy.cz/api/books/179199/preview.pdf  |l   |q 49  |r 1  |s https://www.palmknihy.cz/kniha/179199  |t ebook  |y 2018  |z 0  |v Zlomená země  |w 1 
999 |d 310931